Sabrina Carpenter - Short n' Sweet Tour Setlist - Statistics

General Stats
  • This quiz has been taken 273 times
  • The average score is 15 of 20
Answer Stats
Answer % Correct
Espresso
96%
Taste
95%
Juno
94%
Please Please Please
90%
Bed Chem
88%
Nonsense
82%
Feather
80%
Good Graces
80%
Don't Smile
78%
Coincidence
77%
Lie To Girls
76%
Slim Pickins
72%
because i liked a boy
68%
Sharpest Tool
68%
Dumb & Poetic
67%
Tornado Warnings
57%
opposite
56%
Read your Mind
53%
Fast Times
51%
decode
44%
No matching quizzes found
Score Distribution
Percent of People with Each Score
Percentile by Number Answered
Your Score History
You have not taken this quiz